000 00455nam a2200157 i 4500
001 27989
003 ES-MaACL
005 20230906153736.0
007 t|
008 030116s1958 sp ||||1| spa d
100 1 _aBaigorri y Azanza, Luis.
_924681
245 1 0 _aSi conocieras el don de Dios... /
_cLuis Baigorri y Azanza.
260 _aMadrid :
_bEuroamérica,
_c[1958] (
_fNebrija)
300 _a125 p. ;
_c18 cm.
852 _aES-MaACL
_jC-14299
_bR.42149
999 _c27989
_d27989